000 00928nam0a22002411 4500
001 v19\rc\1708354
005 20260407063337.0
035 _a(NLR Aleph) 004808737
090 _a4905809
_c4905809
100 _a20061002d1899 |||y0rusy50 ca
101 0 _arus
102 _aRU
105 _aa z |||||
200 1 _aКоронковые и мостовидные работы по системе Hollingsworth'а
_e[Описание метода и способов изготовления инструментов]
_f"Компания С.С. Уайт". Филадельфия
210 _aСанкт-Петербург
_dценз. 1899
215 _a16 с.
_cил.
_d24
712 0 2 _aУайт, С., компания
_cФиладельфия
_3RU\NLR\AUTH\8810030649
_9559917
801 0 _aRU
_bNLR
_gpsbo
801 0 _aRU
_bRuMoRGB
_2psbo
801 1 _aRU
_bProSoft-M
_2rusmarc
852 _aNLR
_j62-7/4178
942 _cBOOK
980 _aNB